LIBRARY & INFORMATION CENTRE, KCAET, TAVANUR

ONLINE PUBLIC ACCESS CATALOGUE (OPAC)

Experimental methods of studying soil structure / (Record no. 2694)

MARC details
000 -LEADER
fixed length control field 00503cam a2200193ua 4500
041 ## - LANGUAGE CODE
Language code of text/sound track or separate title eng
082 ## - DEWEY DECIMAL CLASSIFICATION NUMBER
Classification number 631.4012
Item number REV/EX
100 ## - MAIN ENTRY--AUTHOR NAME
Personal name Revut, I B .
245 ## - TITLE STATEMENT
Title Experimental methods of studying soil structure /
260 ## - PUBLICATION, DISTRIBUTION, ETC. (IMPRINT)
Place of publication New Delhi :
Name of publisher Amerind Publishing Co Pvt Ltd ,
Year of publication 1981.
300 ## - PHYSICAL DESCRIPTION
Number of Pages 530 ; .
700 1# - ADDED ENTRY--PERSONAL NAME
Personal name Rode, A A .
942 ## - ADDED ENTRY ELEMENTS (KOHA)
Koha item type Books
Holdings
Withdrawn status Lost status Damaged status Home library Current library Date acquired Full call number Accession Number Koha item type
      KAUAET KAUAET 01/09/1986 631.4012 15589 Books
      KAUAET KAUAET 07/04/2012 631.4012 17735 Books
free website counter